Actores y Actrices (Argentina) #2 - Estadísticas

Estadísticas generales
  • Esta prueba ha sido intentada 16 veces
  • La puntuación promedio es 9 de 24
Estadísticas de respuestas
Imagen Respuesta % Correcto
Peter Lanzani
93%
Luisana Lopilato
71%
Nancy Dupláa
71%
Carla Peterson
64%
Pablo Rago
64%
Julieta Díaz
57%
Sandro
57%
Leticia Bredice
50%
Roly Serrano
50%
Fernán Mirás
43%
Carola Reyna
36%
Verónica Llinás
36%
Cecilia Roth
29%
Luis Machín
29%
Pilar Gamboa
29%
Abel Ayala
21%
Daniel Fanego
21%
Eduardo Blanco
14%
Mirta Busnelli
14%
Norman Briski
14%
Alejandra Flechner
7%
Alfredo Alcón
7%
César Bordón
7%
Valeria Lois
7%
No se encontraron pruebas coincidentes
Distribución de puntuación
Porcentaje de gente con cada puntuación
Porcentaje por número respondido
Historial de tus puntuaciones
No has intentado esta prueba.